BIBLIOTHÈQUE DE LA MAISON DU MEXIQUE

Logo 1 Logo 2

Diccionario biográfico revolucionario (notice nᵒ 10712)

détails MARC
000 -Sello discográfico
campo de control de longitud fija 01099nam a2200361 4500
005 - Identificación de versión
campo de control 20250925141457.0
010 ## - Número Estándar Internacional de Libros (ISBN)
Número (ISBN) 968-805-293-0
035 ## - Otros números de control del sistema
Número de control del sistema 3294
099 ## - fechas locales
Tipo de ítem Koha LIBRO
100 ## - Datos de procesamiento general
Datos de procesamiento general 20040213d1985 m y1spay5003 ba
105 ## - Campo de datos codificados: Material textual, monográfico
Datos codificados de monografía y 001zy
200 1# - Título y mención de responsabilidad
Título propio Diccionario biográfico revolucionario
Designación general del material texto impreso
Primer mención de responsabilidad Francisco Naranjo
210 ## - Publicación, distribución, etc.
Lugar de publicación, distribución, etc. México
Nombre del editor, distribuidor, etc. Instituto Nacional de Estudios Históricos de la Revolución Mexicana
Fecha de publicación, distribución, etc. 1985
215 ## - Descripción física
Designación de material específico y extensión del ítem 317 p
Dimensiones 22 cm
318 ## - Nota de acción
Acción No se presta a domicilio
345 ## - Nota de información de adquisición
Fuente de adquisición/dirección de la suscripción [OBSOLETO] Donación
410 #1 - Series
Título La Biblioteca de obras fundamentales de la independencia y la revolución
607 ## - Nombre geográfico utilizado como tema
Elemento de entrada México
Subdivisión temática Historia
Subdivisión cronológica Revolución, 1910-1920
Subdivisión temática Biografía
Número Koha 17036
660 ## - Código de área geográfica
Código MX
676 ## - Clasificación Decimal Dewey
Número R972.09 N218d
700 ## - Nombre personal - Responsabilidad primaria
Elemento de entrada Naranjo
Parte del nombre distinta del elemento de entrada Francisco
Fechas 1867-1915
Número Koha 17194
801 #0 - Fuente de origen
Agencia cm
900 ## -
-- 1/6393
900 ## -
-- 7100418155\130204
942 ## - ELEMENTOS DE ENTRADA SECUNDARIOS (KOHA)
Tipo de ítem Koha Livre

Pas d'exemplaire disponible.